| 000 | 00349nam a2200157Ia 4500 | ||
|---|---|---|---|
| 100 | _aRappaport/Theodore | ||
| 250 | _a2 | ||
| 942 | _cBK | ||
| 366 | _f15 | ||
| 654 | _awireless | ||
| 245 | _aWireless communications:Principles and practice | ||
| 260 |
_bPearson Education _c2002 |
||
| 082 |
_a621.382 _bRAP |
||
| 300 | _a707 | ||
| 546 | _aENGLISH | ||
| 999 |
_c21250 _d21250 |
||